The Clash albums - Statistics

General Stats
  • This quiz has been taken 33 times
  • The average score is 5 of 6
Answer Stats
Year Albums % Correct
1979 London Calling
100%
1977 The Clash
85%
1982 Combat Rock
81%
1978 Give ’Em Enough Rope
81%
1980 Sandinista!
77%
1985 Cut the Crap
65%
No matching quizzes found
Score Distribution
Percent of People with Each Score
Percentile by Number Answered
Your Score History
You have not taken this quiz